Martindale : (Record no. 18470)
[ view plain ]
| 000 -LEADER | |
|---|---|
| fixed length control field | 01011nam a22002777a 4500 |
| 005 - DATE AND TIME OF LATEST TRANSACTION | |
| control field | 20141020144441.0 |
| 008 - FIXED-LENGTH DATA ELEMENTS--GENERAL INFORMATION | |
| fixed length control field | 141019s2014 xxk fr 000 0 eng d |
| 020 ## - INTERNATIONAL STANDARD BOOK NUMBER | |
| International Standard Book Number | 9780857111395 |
| 020 ## - INTERNATIONAL STANDARD BOOK NUMBER | |
| International Standard Book Number | 02635364 |
| 040 ## - CATALOGING SOURCE | |
| Original cataloging agency | EG-ScBUE |
| 043 ## - GEOGRAPHIC AREA CODE | |
| Geographic area code | e-uk--- |
| 082 00 - DEWEY DECIMAL CLASSIFICATION NUMBER | |
| Edition number | 22 |
| Item number | MAR |
| Classification number | 615.1141 |
| 245 00 - TITLE STATEMENT | |
| Title | Martindale : |
| Remainder of title | the complete drug reference / |
| Statement of responsibility, etc | edited by Alison Brayfield. |
| 246 30 - VARYING FORM OF TITLE | |
| Title proper/short title | Complete drug reference |
| 250 ## - EDITION STATEMENT | |
| Edition statement | 38th ed. |
| 260 ## - PUBLICATION, DISTRIBUTION, ETC. (IMPRINT) | |
| Place of publication, distribution, etc | London : |
| Name of publisher, distributor, etc | Pharmaceutical Press, |
| Date of publication, distribution, etc | 2014 |
| Place of manufacture | ([Rome] : |
| Manufacturer | LEGO S.P.A.) |
| 300 ## - PHYSICAL DESCRIPTION | |
| Extent | 2 v. (xiv, 4596 p.) ; |
| Dimensions | 29 cm. |
| 505 0# - FORMATTED CONTENTS NOTE | |
| Formatted contents note | Contents : v. A drug monograhs- v. B preparations, manufacturers, pharmaceutical terms in various languages, general index, Cyrillic index. |
| 650 #0 - SUBJECT ADDED ENTRY--TOPICAL TERM | |
| Topical term or geographic name as entry element | Pharmacopoeias |
| 9 (RLIN) | 23526 |
| 650 #0 - SUBJECT ADDED ENTRY--TOPICAL TERM | |
| Topical term or geographic name as entry element | Pharmacopoeias |
| Geographic subdivision | Great Britain |
| 9 (RLIN) | 30072 |
| 653 ## - INDEX TERM--UNCONTROLLED | |
| Resource For college | Pharmacy |
| Arrived date list | October2014 |
| 655 ## - INDEX TERM--GENRE/FORM | |
| Form subdivision | |
| -- | 34232 |
| 700 1# - ADDED ENTRY--PERSONAL NAME | |
| Personal name | Brayfield, Alison |
| Relator term | editor. |
| 9 (RLIN) | 36264 |
| 710 2# - ADDED ENTRY--CORPORATE NAME | |
| Corporate name or jurisdiction name as entry element | Royal Pharmaceutical Society of Great Britain |
| 9 (RLIN) | 36265 |
| 942 ## - ADDED ENTRY ELEMENTS (KOHA) | |
| Source of classification or shelving scheme | Dewey Decimal Classification |
| Withdrawn status | Item status | Source of classification or shelving scheme | Damaged status | Not for loan | Vendor | Home library | Current library | Shelving location | Date acquired | Source of acquisition | Cost, normal purchase price | Serial Enumeration / chronology | Total Checkouts | Full call number | Barcode | Date last seen | Cost, replacement price | Koha item type | Public note |
|---|---|---|---|---|---|---|---|---|---|---|---|---|---|---|---|---|---|---|---|
| Dewey Decimal Classification | Baccah | Central Library | Central Library | First floor | 19/10/2014 | Purchase | 4200.00 | 20677 | 615.1141 MAR | 000036721 | 15/07/2025 | 5250.00 | Reference (NB) | ||||||
| Dewey Decimal Classification | Baccah | Central Library | Central Library | First floor | 19/10/2014 | Purchase | 4200.00 | 20677 | 615.1141 MAR | 000036722 | 15/07/2025 | 5250.00 | Reference (NB) | ||||||
| Dewey Decimal Classification | Academic Bookshop | Central Library | Central Library | First floor | 24/02/2016 | Purchase | 4900.00 | 4867 | 615.1141 MAR | 000031693 | 15/07/2025 | 6125.00 | Reference (NB) | VOL. B | |||||
| Dewey Decimal Classification | Academic Bookshop | Central Library | Central Library | First floor | 24/02/2016 | Purchase | 4900.00 | 4867 | 615.1141 MAR | 000031694 | 25/10/2025 | 6125.00 | Reference (NB) | VOL. A |